Normal view
MARC view
- Yousuf, Waleed Bin
Entry Personal Name
001 - CONTROL NUMBER
- control field: 124370
003 - CONTROL NUMBER IDENTIFIER
- control field: NUST
005 - DATE AND TIME OF LATEST TRANSACTION
- control field: 20240710125346.0
008 - FIXED-LENGTH DATA ELEMENTS
- fixed length control field: 240710|| aca||aabn | a|a d
040 ## - CATALOGING SOURCE
- Original cataloging agency: NUST
- Transcribing agency: NUST
100 ## - HEADING--PERSONAL NAME
- Personal name: Yousuf, Waleed Bin
670 ## - SOURCE DATA FOUND
- Source citation: Work cat.: (NUST): Yousuf, Waleed Bin, Prognostic Algorithm for Prediction of Remaining Useful Life of Metallic Structures/
